Taylor Swift - Chansons de l'album The Tortured Poets Department - Statistiques

Statistiques générales
  • Ce quiz a été pris 964 fois
    924 depuis la dernière actualisation
  • Le résultat moyen est 26 sur 31
Statistiques - réponses
Hint Réponse % Correct
Album Original Fortnight ft. Post Malone
99%
Album Original The Tortured Poets Department
93%
Album Original Down Bad
92%
The Anthology Peter
92%
Album Original I Can Do It With a Broken Heart
91%
Album Original But Daddy I Love Him
90%
The Anthology So High School
90%
Album Original So Long, London
90%
Album Original The Smallest Man Who Ever Lived
90%
Album Original Florida!!! ft. Florence and the Machine
89%
The Anthology The Black Dog
89%
Album Original My Boy Only Breaks His Favorite Toys
88%
The Anthology The Manuscript
88%
Album Original The Alchemy
87%
Album Original Who's Afraid of Little Old Me?
86%
Album Original Clara Bow
84%
The Anthology Cassandra
83%
Album Original loml
82%
The Anthology The Albatross
82%
Album Original Guilty as Sin?
80%
The Anthology Robin
80%
The Anthology The Prophecy
80%
The Anthology Chloe or Sam or Sophia or Marcus
78%
The Anthology The Bolter
78%
Album Original Fresh Out the Slammer
76%
Album Original I Can Fix Him (No Really I Can)
76%
The Anthology How Did It End?
74%
The Anthology Imgonnagetyouback
70%
The Anthology thanK you AImee
70%
The Anthology I Hate It Here
68%
The Anthology I Look in People's Windows
63%
Aucun quiz correspondant
Distribution des résultats
% des personnes avec chaque résultat
Percentile par nombre de réponses
Votre historique - résultats
Vous n’avez pas pris ce quiz depuis la dernière actualisation